[Event "Druzynowe Mistrzostwa Polski - Ekstraliga 2023"]
[Site "Lublin"]
[Date "1899-12-30"]
[Round "5.20"]
[White "Oleksiyenko, Mykhaylo"]
[Black "Grandelius, Nils"]
[Result "0-1"]
[WhiteTitle "GM"]
[BlackTitle "GM"]
[WhiteElo "2587"]
[BlackElo "2681"]

1. e4 c5 2. Nf3 Nc6 3. d4 cxd4 4. Nxd4 e5 5. Nb5 d6 6. c4 g6 7. N1c3 a6 8. Na3
Be6 9. Be2 Bg7 10. O-O Rc8 11. Be3 Nf6 12. f3 O-O 13. Nc2 Ne7 14. b3 b5 15. Nd5
bxc4 16. bxc4 Nd7 17. Qd2 Nc6 18. Rfd1 Nc5 19. Rab1 Qe8 20. Ndb4 Na5 21. Nxa6
Nxc4 22. Bxc4 Bxc4 23. Nxc5 dxc5 24. Na3 Be6 25. Nb5 Qe7 26. a4 Rfd8 27. Nd6 Ra8
28. Rb7 Qxb7 29. Nxb7 Rxd2 30. Rxd2 c4 31. Rd8+ Rxd8 32. Nxd8 Bd7 33. a5 Bb5 34.
Nb7 Bf8 35. Kf2 c3 36. Nc5 c2 37. Nb3 Ba3 38. Bc1 Bb4 39. Ke3 Ba4 40. Nd2 Bxa5
41. Nc4 Bc3 42. Kd3 Bd4 43. Ne3 h5 44. Nxc2 Bb5+ 45. Kd2 Bg1 46. h3 Bf2 47. Ne3
f6 48. Ba3 Kf7 49. Nd1 Bg3 50. Bc5 Bf1 51. Ne3 Bf4 52. Ke1 Bxe3 53. Bxe3 Bxg2
54. Kf2 Bxh3 55. f4 exf4 56. Bxf4 g5 57. Bc7 Bc8 58. Ke3 Kg6 59. Bd8 h4 60. Be7
Bb7 61. Bd8 Bc6 62. Be7 Ba8 63. Bd8 Bb7 64. Be7 Bc6 65. Bd8 h3 66. Bc7 Kh5 67.
Kf3 f5 68. Kg3 Bxe4 69. Kxh3 f4 70. Kh2 Kg4 71. Bd8 Kf5 72. Kh3 Bc6 73. Bb6 g4+
74. Kh2 Ke4 75. Bc7 Kf3 76. Kg1 g3 0-1

[Event "Druzynowe Mistrzostwa Polski - Ekstraliga 2023"]
[Site "Lublin"]
[Date "1899-12-30"]
[Round "5.21"]
[White "Bartel, Mateusz"]
[Black "Galperin, Platon"]
[Result "1-0"]
[WhiteTitle "GM"]
[BlackTitle "GM"]
[WhiteElo "2621"]
[BlackElo "2571"]

1. e4 c5 2. Nf3 e6 3. d4 cxd4 4. Nxd4 Nc6 5. Nc3 a6 6. Bc4 b5 7. Nxc6 dxc6 8. Qxd8+
Kxd8 9. Bd3 e5 10. a4 Bb7 11. Ke2 Bd6 12. axb5 axb5 13. Rxa8+ Bxa8 14. Rd1 Ke7
15. Bg5+ Nf6 16. Bxf6+ gxf6 17. Ra1 Bb7 18. Nd1 Bc5 19. Ne3 Rb8 20. Nf5+ Kf8 21.
g4 Bc8 22. h4 Bxf5 23. exf5 h6 24. Be4 b4 25. Bxc6 Bd4 26. Bd5 Rd8 27. Bb3 Kg7
28. Ra2 Rd7 29. f3 Ra7 30. Rxa7 Bxa7 31. Kd3 Bf2 32. Kc4 Be1 33. Kc5 Kf8 34. Kd6
Bxh4 35. Ba4 Be1 36. Bc6 Bd2 37. Ba4 Be1 38. Kd7 Bd2 39. Kd8 Be1 40. Bc6 Bd2 41.
Be4 Be1 42. b3 Bd2 43. c4 bxc3 44. Bc2 Be3 45. b4 Bd4 46. Be4 Kg7 47. b5 Be3 48.
Kc7 h5 49. gxh5 Kh6 50. b6 Kxh5 51. b7 Ba7 52. b8=Q Bxb8+ 53. Kxb8 Kg5 54. Kc7
Kf4 55. Kd6 c2 56. Bxc2 Kxf3 57. Ke7 e4 58. Kxf7 1-0

[Event "Druzynowe Mistrzostwa Polski - Ekstraliga 2023"]
[Site "Lublin"]
[Date "1899-12-30"]
[Round "5.22"]
[White "Samunenkov, Ihor"]
[Black "Mastrovasilis, Dimitrios"]
[Result "1-0"]
[WhiteTitle "IM"]
[BlackTitle "GM"]
[WhiteElo "2517"]
[BlackElo "2589"]

1. d4 d5 2. c4 e6 3. Nf3 Nf6 4. g3 dxc4 5. Bg2 Bb4+ 6. Bd2 a5 7. Qc2 c5 8. a3 Bxd2+
9. Nbxd2 cxd4 10. Nxc4 Nc6 11. O-O d3 12. exd3 O-O 13. Rfd1 Bd7 14. d4 Ne7 15.
Nfe5 Ned5 16. Qb3 Qc7 17. Rdc1 a4 18. Qd1 Bc6 19. Nd2 Rfd8 20. Nxc6 bxc6 21. Rc2
Ne7 22. Nf3 Qb6 23. Rd2 Ne4 24. Rc2 Ra5 25. Rac1 Rb5 26. Qe2 Nf6 27. Ne5 Rb3 28.
Nxc6 Nxc6 29. Bxc6 Qxd4 30. Rc3 Rxc3 31. Rxc3 h5 32. Rc4 Qd1+ 33. Qxd1 Rxd1+ 34.
Kg2 Rd2 35. Bxa4 Ng4 36. Rc8+ Kh7 37. h3 Nxf2 38. Rc2 Rd4 39. Rxf2 Rxa4 40. Rxf7
Kg6 41. Rf4 Ra6 42. Rb4 e5 43. a4 Kf5 44. Kf3 g6 45. b3 1-0

[Event "Druzynowe Mistrzostwa Polski - Ekstraliga 2023"]
[Site "Lublin"]
[Date "1899-12-30"]
[Round "5.23"]
[White "Gumularz, Szymon"]
[Black "Kosakowski, Jakub"]
[Result "1-0"]
[WhiteTitle "GM"]
[BlackTitle "IM"]
[WhiteElo "2587"]
[BlackElo "2494"]

1. c4 Nf6 2. Nc3 g6 3. e4 d6 4. d4 Bg7 5. h3 O-O 6. Be3 e5 7. d5 Na6 8. g4 Nc5
9. f3 a5 10. Qd2 c6 11. O-O-O cxd5 12. cxd5 Bd7 13. Kb1 a4 14. a3 Ne8 15. h4 f5
16. h5 Nb3 17. Qe1 f4 18. Bf2 g5 19. Nge2 Nc7 20. Na2 Na6 21. Nac1 Nac5 22. Nxb3
Nxb3 23. Nc1 Nd4 24. Bxd4 exd4 25. Qb4 d3 26. h6 Bf6 27. Nxd3 Re8 28. e5 Bxe5
29. Nxe5 Rxe5 30. Bd3 Qe7 31. Rhe1 Re3 32. Be4 Re8 33. Rxe3 fxe3 34. Rg1 e2 35.
Re1 Qf6 36. Rxe2 Qxh6 37. Qxb7 Re7 38. Ka2 Qf6 39. Qb8+ Kg7 40. Qb6 h6 41. Rc2
Qe5 42. Rc4 Rf7 43. Qb8 Re7 44. Rb4 Be8 45. Rb6 Rd7 46. Qc8 Re7 47. Qc3 Qxc3 48.
bxc3 h5 49. gxh5 Bxh5 50. Rxd6 Rf7 51. c4 Bxf3 52. Rg6+ Kf8 53. Bxf3 Rxf3 54.
Rxg5 Rc3 55. Rg4 Ke7 56. Kb2 Rb3+ 57. Kc2 Kd6 58. Rg6+ Ke5 59. d6 Rb7 60. c5 Kd5
61. Rg5+ Kc6 62. Kc3 Rb8 63. Kc4 Rf8 64. Rd5 Kxd5+ 1-0

[Event "Druzynowe Mistrzostwa Polski - Ekstraliga 2023"]
[Site "Lublin"]
[Date "1899-12-30"]
[Round "5.24"]
[White "Maltsevskaya, Aleksandra"]
[Black "Zawadzka, Jolanta"]
[Result "1-0"]
[WhiteTitle "IM"]
[BlackTitle "WGM"]
[WhiteElo "2386"]
[BlackElo "2347"]

1. c4 Nf6 2. Nf3 g6 3. Nc3 Bg7 4. d4 d6 5. g3 O-O 6. Bg2 c5 7. O-O Nc6 8. dxc5
dxc5 9. Be3 Be6 10. Qa4 Nd4 11. Rac1 Nd7 12. b3 Bg4 13. Rfd1 e5 14. h3 Bxf3 15.
Bxf3 Nb6 16. Qa3 Qe7 17. Nd5 Nxd5 18. cxd5 Rac8 19. Bxd4 exd4 20. Qxa7 h5 21.
h4 Be5 22. d6 Qxd6 23. Qxb7 Rfd8 24. Kg2 Rc7 25. Qb5 f5 26. a4 f4 27. b4 cxb4
28. Rxc7 Qxc7 29. a5 Rb8 30. Qd5+ Kh7 31. a6 Bf6 32. Qc6 Qxc6 33. Bxc6 d3 34.
Rxd3 1-0

[Event "Druzynowe Mistrzostwa Polski - Ekstraliga 2023"]
[Site "Lublin"]
[Date "1899-12-30"]
[Round "5.25"]
[White "Sargissian, Gabriel"]
[Black "Bluebaum, Matthias"]
[Result "1/2-1/2"]
[WhiteTitle "GM"]
[BlackTitle "GM"]
[WhiteElo "2692"]
[BlackElo "2670"]

1. d4 Nf6 2. c4 e6 3. Nf3 d5 4. g3 Bb4+ 5. Bd2 a5 6. Bg2 dxc4 7. Qc2 Nc6 8. Qxc4
Qd5 9. Qxd5 exd5 10. Nc3 a4 11. a3 Ba5 12. Rc1 Bg4 13. e3 O-O 14. h3 Bf5 15. g4
Bxc3 16. Rxc3 Be4 17. O-O Nd7 18. Rfc1 Nb6 19. Rc5 Rfc8 20. Ne1 Bxg2 21. Kxg2
Nc4 22. Rc2 Nxd2 23. Rxd2 Ne7 24. Rb5 Rcb8 25. Nd3 c6 26. Rb4 Nc8 27. Rc2 Nd6
28. Nc5 b5 29. Nd7 Rb7 30. Ne5 Rc8 31. Rxc6 Rxc6 32. Nxc6 f6 33. Nd8 Rc7 34. Ne6
Rc2 35. Nf4 Ne4 36. Rxb5 Rxf2+ 37. Kg1 Rd2 38. Rxd5 Ng5 39. Kf1 Nf3 40. Rd8+ Kf7
41. Rd7+ 1/2-1/2

[Event "Druzynowe Mistrzostwa Polski - Ekstraliga 2023"]
[Site "Lublin"]
[Date "1899-12-30"]
[Round "5.26"]
[White "Donchenko, Alexander"]
[Black "Tomczak, Jacek"]
[Result "0-1"]
[WhiteTitle "GM"]
[BlackTitle "GM"]
[WhiteElo "2679"]
[BlackElo "2591"]

1. d4 d5 2. Nf3 Nf6 3. Bf4 c5 4. e3 Nc6 5. Nbd2 Qb6 6. dxc5 Qxb2 7. Rb1 Qc3 8.
Bb5 e6 9. O-O Be7 10. e4 O-O 11. e5 Nd7 12. Nb3 Qb4 13. Nfd4 Nxd4 14. Nxd4 Qxc5
15. Rb3 a6 16. Be2 Qc7 17. Re1 Nc5 18. Rh3 Bd7 19. Bd3 g6 20. Qd2 Nxd3 21. Rxd3
Rfc8 22. Bg5 Bxg5 23. Qxg5 Qa5 24. Rb1 Rc3 25. h4 Rxd3 26. cxd3 Qxa2 27. Rc1 Qa5
28. Nf3 Qd8 29. Qf4 Rc8 30. Rb1 Bb5 31. h5 gxh5 32. Qh6 Bxd3 33. Rxb7 Bg6 34.
Nd4 Rc7 35. Rb6 Rc1+ 36. Qxc1 Qxb6 37. Qc8+ Kg7 38. Nc6 Qb1+ 39. Kh2 Qc2 40. f3
Bd3 0-1

[Event "Druzynowe Mistrzostwa Polski - Ekstraliga 2023"]
[Site "Lublin"]
[Date "1899-12-30"]
[Round "5.27"]
[White "Laurusas, Tomas"]
[Black "Fedorchuk, Sergey A."]
[Result "1/2-1/2"]
[WhiteTitle "GM"]
[BlackTitle "GM"]
[WhiteElo "2550"]
[BlackElo "2578"]

1. d4 Nf6 2. c4 e6 3. Nf3 Bb4+ 4. Bd2 Bxd2+ 5. Qxd2 d5 6. e3 O-O 7. Nc3 Qe7 8.
Rc1 dxc4 9. Bxc4 c5 10. dxc5 Rd8 11. Qe2 Qxc5 12. O-O Nc6 13. e4 Nd7 14. Rfd1
Nf8 15. Rxd8 Nxd8 16. e5 Bd7 17. Ne4 Qe7 18. Qe3 1/2-1/2

[Event "Druzynowe Mistrzostwa Polski - Ekstraliga 2023"]
[Site "Lublin"]
[Date "1899-12-30"]
[Round "5.28"]
[White "Jakubowski, Krzysztof"]
[Black "Warakomski, Tomasz"]
[Result "1/2-1/2"]
[WhiteTitle "GM"]
[BlackTitle "GM"]
[WhiteElo "2469"]
[BlackElo "2533"]

1. Nf3 d5 2. g3 Nf6 3. Bg2 c6 4. O-O Bf5 5. c4 e6 6. Qb3 Qb6 7. d3 Nbd7 8. cxd5
cxd5 9. Nc3 Qxb3 10. axb3 Bc5 11. Nh4 Bg6 12. Bd2 Ke7 13. h3 Rhc8 14. Kh2 Bd6
15. Nb5 Nc5 16. Nxd6 Kxd6 17. Ra3 Na6 18. e4 Rc2 19. Bc3 dxe4 20. Nxg6 hxg6 21.
dxe4 Ke7 22. e5 Nd5 23. Be4 Re2 24. Bf3 Rc2 25. Be4 Re2 26. Bf3 Rc2 27. Be4 1/2-1/2

[Event "Druzynowe Mistrzostwa Polski - Ekstraliga 2023"]
[Site "Lublin"]
[Date "1899-12-30"]
[Round "5.29"]
[White "Kantans, Toms"]
[Black "Polok, Kacper"]
[Result "1/2-1/2"]
[WhiteTitle "GM"]
[BlackTitle "FM"]
[WhiteElo "2487"]
[BlackElo "2284"]

1. e4 c5 2. Nf3 Nc6 3. d4 cxd4 4. Nxd4 Nf6 5. Nc3 e5 6. Ndb5 d6 7. Bg5 a6 8. Na3
b5 9. Bxf6 gxf6 10. Nd5 Bg7 11. c3 f5 12. Bd3 Be6 13. Qh5 O-O 14. exf5 Bxd5 15.
f6 e4 16. fxg7 Re8 17. Be2 Re5 18. Qh6 Qg5 19. Qxg5 Rxg5 20. Nc2 Bc4 21. Ne3 Ne5
22. h4 Rxg7 23. a4 Rb8 24. axb5 axb5 25. b4 Rg6 26. Ra7 Kf8 27. h5 Rg5 28. Rh4
Bxe2 29. Kxe2 Rc8 30. Rxe4 Rxh5 31. f4 f5 32. Nxf5 Rxf5 33. fxe5 dxe5 34. Re3
Rf7 35. Ra5 Rfc7 36. Kd2 Rd8+ 37. Rd3 Rcd7 38. Rxd7 Rxd7+ 39. Kc2 Rb7 40. Kd3
Kf7 41. Ke4 Rc7 42. Rxb5 Rxc3 43. Kxe5 Rg3 44. Rb7+ Kg6 45. Rb8 Kh5 46. Rh8 h6
47. Kd5 Rxg2 48. b5 Rb2 49. Kc6 Kg5 50. b6 Rc2+ 51. Kb7 h5 52. Rc8 Rb2 53. Rc5+
Kg4 54. Kc6 h4 55. b7 Rxb7 56. Kxb7 h3 57. Rc4+ Kg3 58. Rc3+ Kg2 59. Rxh3 Kxh3
1/2-1/2

[Event "Druzynowe Mistrzostwa Polski - Ekstraliga 2023"]
[Site "Lublin"]
[Date "1899-12-30"]
[Round "5.30"]
[White "Wagner, Dinara"]
[Black "Antolak, Julia"]
[Result "1-0"]
[WhiteTitle "WGM"]
[BlackTitle "WGM"]
[WhiteElo "2468"]
[BlackElo "2299"]

1. d4 Nf6 2. c4 e5 3. dxe5 Ng4 4. e3 Nxe5 5. f4 Nec6 6. Nc3 g6 7. Bd3 Bg7 8. Nge2
d6 9. O-O Nd7 10. b3 Nc5 11. Bb1 O-O 12. Bb2 f5 13. Qd2 a5 14. Nd5 Bxb2 15. Qxb2
Nb4 16. Qd2 Nxd5 17. cxd5 Qe7 18. Bc2 Re8 19. Kf2 b6 20. Rfe1 Bb7 21. Nc3 Qg7
22. a3 Re7 23. h3 Rae8 24. b4 Nd7 25. Ba4 Ba6 26. Bxd7 Rxd7 27. bxa5 bxa5 28.
Na4 Bb5 29. Qxa5 Bxa4 30. Qxa4 Rde7 31. Rac1 Qh6 32. Rxc7 Qh4+ 33. Kf1 g5 34.
Rxe7 Rxe7 35. Rb1 Qg3 36. Rb8+ Kf7 37. Qc2 Re4 38. Qc7+ Re7 39. Qc8 Kg6 40. Qg8+
Kh5 41. Re8 Rb7 42. Qxg5+ Qxg5 43. fxg5 Rb5 44. Re7 Rxd5 45. Rxh7+ Kxg5 46. Ra7
Rd2 47. a4 d5 48. Ra8 Ra2 49. Rd8 Rxa4 50. Rxd5 Ra2 51. e4 Kf4 52. Rxf5+ Kxe4
53. Rf3 Rb2 54. Kg1 Ra2 55. Kh2 Rb2 56. Kg3 Ra2 57. h4 Kd5 1-0

[Event "Druzynowe Mistrzostwa Polski - Ekstraliga 2023"]
[Site "Lublin"]
[Date "1899-12-30"]
[Round "6.1"]
[White "Wojtaszek, Radoslaw"]
[Black "Bluebaum, Matthias"]
[Result "1/2-1/2"]
[WhiteTitle "GM"]
[BlackTitle "GM"]
[WhiteElo "2675"]
[BlackElo "2670"]

1. c4 e6 2. Nc3 d5 3. d4 Nf6 4. Bg5 Be7 5. e3 O-O 6. Nf3 h6 7. Bh4 c5 8. dxc5 dxc4
9. Bxc4 Qxd1+ 10. Rxd1 Nbd7 11. c6 bxc6 12. O-O Nb6 13. Be2 Bb7 14. Ne5 c5 15.
Ng4 Nfd5 16. Bxe7 Nxe7 17. Ne5 Ned5 18. Rc1 Nxc3 19. Rxc3 Rad8 20. Bf3 Bxf3 21.
Nxf3 c4 22. Rfc1 1/2-1/2

[Event "Druzynowe Mistrzostwa Polski - Ekstraliga 2023"]
[Site "Lublin"]
[Date "1899-12-30"]
[Round "6.2"]
[White "Donchenko, Alexander"]
[Black "Abasov, Nijat"]
[Result "1-0"]
[WhiteTitle "GM"]
[BlackTitle "GM"]
[WhiteElo "2679"]
[BlackElo "2677"]

1. d4 Nf6 2. c4 e6 3. g3 d5 4. Bg2 dxc4 5. Qa4+ Nbd7 6. Qxc4 c5 7. Nf3 a6 8. Qc2
b5 9. Ne5 Nd5 10. Nc3 Nxe5 11. Nxd5 exd5 12. dxe5 Bb7 13. O-O Qb6 14. Rd1 Qe6
15. Be3 Be7 16. Bxc5 Rc8 17. b4 Qxe5 18. Rac1 Bxc5 19. bxc5 O-O 20. e3 g6 21.
Rd4 Ba8 22. h4 Rc7 23. Qd3 Qe7 24. Qa3 Qe6 25. Rcd1 Rd8 26. e4 Rcd7 27. Qa5 Qe7
28. Rc1 Qf6 29. Rcd1 Qe7 30. Rc1 Qf6 31. Rxd5 Bxd5 32. exd5 Re8 33. c6 Rde7 34.
Qc3 Qd6 35. Qc5 Re1+ 36. Kh2 Qxc5 37. Rxc5 Rd1 38. c7 Rc8 39. d6 Rxd6 40. Bb7
Rxc7 41. Rxc7 Rd2 42. Kg2 a5 43. Rc5 1-0

[Event "Druzynowe Mistrzostwa Polski - Ekstraliga 2023"]
[Site "Lublin"]
[Date "1899-12-30"]
[Round "6.3"]
[White "Kollars, Dmitrij"]
[Black "Huschenbeth, Niclas"]
[Result "0-1"]
[WhiteTitle "GM"]
[BlackTitle "GM"]
[WhiteElo "2641"]
[BlackElo "2607"]

1. e4 e5 2. Nf3 Nc6 3. Bb5 a6 4. Ba4 Nf6 5. O-O Bc5 6. c3 O-O 7. d4 Ba7 8. Bg5
h6 9. Bh4 exd4 10. e5 g5 11. Bg3 Ne4 12. Bc2 d5 13. Nxd4 Nxg3 14. Nxc6 bxc6 15.
hxg3 Qe7 16. Qd3 f6 17. Nd2 Qg7 18. Ba4 Rb8 19. Bxc6 Rd8 20. Nb3 Kh8 21. e6 Rd6
22. e7 Qxe7 23. Rae1 Be6 24. Qxa6 Bb6 25. Qa4 Qf7 26. Re2 Rxc6 27. Qxc6 Bd7 28.
Qxd7 Qxd7 29. Rfe1 Qf5 30. a4 Ba7 31. Nd4 Bxd4 32. cxd4 Kg7 33. a5 Qd3 0-1

[Event "Druzynowe Mistrzostwa Polski - Ekstraliga 2023"]
[Site "Lublin"]
[Date "1899-12-30"]
[Round "6.4"]
[White "Fedorchuk, Sergey A."]
[Black "Teclaf, Pawel"]
[Result "1/2-1/2"]
[WhiteTitle "GM"]
[BlackTitle "GM"]
[WhiteElo "2578"]
[BlackElo "2586"]

1. e4 c6 2. d4 d5 3. exd5 cxd5 4. Bd3 Nf6 5. h3 Nc6 6. c3 e5 7. dxe5 Nxe5 8. Nf3
Nxd3+ 9. Qxd3 Bd6 10. O-O O-O 11. Nbd2 Re8 12. Rd1 Ne4 13. Nxe4 dxe4 14. Qxd6
Qxd6 15. Rxd6 exf3 16. Be3 fxg2 17. Kxg2 Bf5 18. Rad1 Be4+ 19. Kg3 f6 20. c4 Rac8
1/2-1/2

[Event "Druzynowe Mistrzostwa Polski - Ekstraliga 2023"]
[Site "Lublin"]
[Date "1899-12-30"]
[Round "6.5"]
[White "Heberla, Bartlomiej"]
[Black "Krzyzanowski, Marcin"]
[Result "1-0"]
[WhiteTitle "GM"]
[BlackTitle "GM"]
[WhiteElo "2552"]
[BlackElo "2512"]

1. e4 c5 2. Nf3 d6 3. d4 cxd4 4. Nxd4 Nf6 5. Nc3 a6 6. Bd3 e5 7. Nde2 Be7 8. O-O
O-O 9. Ng3 Be6 10. Nd5 Bxd5 11. exd5 Nbd7 12. c4 Re8 13. Kh1 Bf8 14. f3 g6 15.
b3 a5 16. Rb1 Bg7 17. Ne4 Qc7 18. Be3 b6 19. Qd2 Nc5 20. Bc2 Nfd7 21. Nc3 Nf6
22. a3 Nh5 23. b4 axb4 24. axb4 Nd7 25. Ba4 e4 26. Bxd7 Bxc3 27. Qxc3 Qxd7 28.
Bxb6 Rac8 29. Rbc1 f5 30. f4 Qe7 31. Be3 Nf6 32. Qd4 Red8 33. Bd2 Kf7 34. Bc3
Nh5 35. Bb2 e3 36. Rfe1 Re8 37. c5 e2 38. c6 Qh4 39. b5 Re4 40. Qa7+ Re7 41. Qa3
Qxf4 42. b6 Re3 43. Qa7+ Re7 44. b7 Rb8 45. Kg1 Qg5 46. Qd4 Re4 47. Qf2 Nf4 48.
Qg3 Qxg3 49. hxg3 Nxd5 50. Ba3 Re6 51. c7 Nxc7 52. Rxc7+ Re7 53. Rxe7+ Kxe7 54.
Rxe2+ Kd7 55. Rd2 Rxb7 56. Rxd6+ Ke8 57. Rf6 Rb3 58. Bd6 Kd7 59. Bf4 Ke7 60. Rc6
1-0

[Event "Druzynowe Mistrzostwa Polski - Ekstraliga 2023"]
[Site "Lublin"]
[Date "1899-12-30"]
[Round "6.6"]
[White "Wagner, Dinara"]
[Black "Kiolbasa, Oliwia"]
[Result "1-0"]
[WhiteTitle "WGM"]
[BlackTitle "IM"]
[WhiteElo "2468"]
[BlackElo "2387"]

1. d4 Nf6 2. c4 e6 3. Nf3 d5 4. g3 Be7 5. Bg2 Ne4 6. Nc3 f5 7. Bf4 c6 8. Qc2 O-O
9. O-O Nd7 10. Rad1 g5 11. Be3 h6 12. Nxe4 dxe4 13. Ne1 Qe8 14. f3 f4 15. gxf4
gxf4 16. Bd2 e3 17. Bc3 Rf5 18. Bh3 Rg5+ 19. Kh1 Nf8 20. Qe4 Bd6 21. Nd3 Qf7 22.
Ne5 Bxe5 23. dxe5 Bd7 24. c5 Re8 25. Bg4 Nh7 26. Rg1 Kh8 27. h4 Rg7 28. Bh3 Reg8
29. Rg4 h5 30. Rxg7 Rxg7 31. Rd4 Qe7 32. Qxf4 Qxc5 33. Qxe3 Qe7 34. Be1 Qf7 35.
Qh6 c5 36. Rd6 Bc6 37. Rd8+ Rg8 38. Rxg8+ Qxg8 39. Bxe6 Qe8 40. Bf5 Qf7 41. e6
1-0

[Event "Druzynowe Mistrzostwa Polski - Ekstraliga 2023"]
[Site "Lublin"]
[Date "1899-12-30"]
[Round "6.7"]
[White "Ivanchuk, Vasyl"]
[Black "Sargissian, Gabriel"]
[Result "1/2-1/2"]
[WhiteTitle "GM"]
[BlackTitle "GM"]
[WhiteElo "2664"]
[BlackElo "2692"]

1. c4 e6 2. g3 d5 3. Bg2 Nf6 4. Nf3 Be7 5. O-O O-O 6. b3 c5 7. Bb2 Nc6 8. e3 b6
9. Nc3 dxc4 10. bxc4 Bb7 11. Qe2 Qc7 12. Rad1 Rfd8 13. Ne1 a6 14. f4 b5 15. cxb5
axb5 16. Nxb5 Qd7 17. a3 Ba6 18. a4 Bb7 19. Nc3 Nb4 20. Bxb7 Qxb7 21. Qb5 Qa6
22. Nf3 Nd3 23. Rb1 Ne8 24. Ne4 Qxa4 25. Qxa4 Rxa4 26. Nf2 Nb4 27. Ra1 Rda8 28.
Rxa4 Rxa4 29. Ra1 Rxa1+ 30. Bxa1 Nd6 31. Kf1 f6 32. Ke2 Kf7 33. g4 c4 34. Bb2
Nb5 35. Nd4 Nxd4+ 36. Bxd4 Nd5 37. Ne4 f5 38. gxf5 exf5 39. Nf2 g6 40. Nd1 Bb4
41. Nb2 c3 42. dxc3 Bxc3 43. Bxc3 Nxc3+ 44. Kf3 Ne4 45. Nd3 Kf6 46. Nf2 1/2-1/2

[Event "Druzynowe Mistrzostwa Polski - Ekstraliga 2023"]
[Site "Lublin"]
[Date "1899-12-30"]
[Round "6.8"]
[White "Tomczak, Jacek"]
[Black "Galperin, Platon"]
[Result "1/2-1/2"]
[WhiteTitle "GM"]
[BlackTitle "GM"]
[WhiteElo "2591"]
[BlackElo "2571"]

1. e4 e5 2. Nf3 Nf6 3. Nxe5 d6 4. Nd3 Nxe4 5. Qe2 Qe7 6. Nf4 Nc6 7. c3 Nf6 8. h4
h5 9. d4 Bf5 10. f3 d5 11. Kf2 O-O-O 12. Qxe7 Nxe7 13. Na3 Ng6 14. Nd3 Bxa3 15.
bxa3 Ne8 16. Bd2 Nd6 17. Re1 Rde8 18. Rxe8+ Rxe8 19. Be2 Bd7 20. Nb4 1/2-1/2

[Event "Druzynowe Mistrzostwa Polski - Ekstraliga 2023"]
[Site "Lublin"]
[Date "1899-12-30"]
[Round "6.10"]
[White "Warakomski, Tomasz"]
[Black "Kosakowski, Jakub"]
[Result "1-0"]
[WhiteTitle "GM"]
[BlackTitle "IM"]
[WhiteElo "2533"]
[BlackElo "2494"]

1. e4 c6 2. Nf3 d5 3. d3 Bg4 4. h3 Bxf3 5. Qxf3 e6 6. Nd2 Nd7 7. d4 dxe4 8. Nxe4
Ndf6 9. Nxf6+ Nxf6 10. c3 Be7 11. Be2 O-O 12. O-O Qd5 13. Be3 Rfd8 14. Rfd1 Qxf3
15. Bxf3 Nd5 16. Bd2 Bf6 17. Re1 Rd7 18. Re2 h6 19. g3 Nb6 20. Rae1 a5 21. h4
a4 22. Bg4 Rdd8 23. f4 Nc4 24. Bc1 Nd6 25. a3 Ra5 26. h5 Nf5 27. Kg2 Rb5 28. Bf3
Kf8 29. Kh3 Ne7 30. g4 g6 31. hxg6 Nxg6 32. Rh1 c5 33. dxc5 Rd3 34. Kg3 e5 35.
fxe5 Nxe5 36. Bxh6+ Kg8 37. Rf1 Nc4 38. Re8+ Kh7 39. Rh1 Rxb2 40. Bc1+ Kg7 41.
Bh6+ Kh7 42. Re4 Kg6 43. Rxc4 Bxc3 44. Bf4 Rb3 45. Rxa4 Bd4 46. Rxd4 Rxd4 47.
Rh6+ Kg7 48. Rb6 Rdd3 49. Be5+ Kf8 50. Rxb3 Rxb3 51. Kf4 1-0

[Event "Druzynowe Mistrzostwa Polski - Ekstraliga 2023"]
[Site "Lublin"]
[Date "1899-12-30"]
[Round "6.11"]
[White "Maksimenko, Andrei"]
[Black "Kantans, Toms"]
[Result "0-1"]
[WhiteTitle "GM"]
[BlackTitle "GM"]
[WhiteElo "2425"]
[BlackElo "2487"]

1. d4 Nf6 2. c4 g6 3. Nc3 d5 4. cxd5 Nxd5 5. e4 Nxc3 6. bxc3 Bg7 7. Bc4 c5 8. Ne2
O-O 9. O-O Nc6 10. Be3 b6 11. Qd2 Bb7 12. Rfd1 Rc8 13. Rac1 e6 14. f3 Na5 15.
Bd3 cxd4 16. cxd4 Qd7 17. Qb2 Rfd8 18. Bb5 Qe7 19. Rxc8 Rxc8 20. Rc1 Rxc1+ 21.
Nxc1 f5 22. exf5 exf5 23. Qc3 Nc6 24. Ne2 Nb4 25. Bc4+ Kh8 26. Nf4 a5 27. a4 Qd7
28. Bb5 Bc6 29. Qc4 Bxb5 30. axb5 g5 31. Ne6 Nd5 32. Nxg7 Nxe3 33. Qc6 Qxc6 34.
bxc6 Nd5 35. Nxf5 a4 36. Ne3 a3 37. Nc2 a2 38. Kf2 Kg7 39. Ke2 Kf7 40. Kd2 Ke7
41. g3 Kd6 42. Kc1 Nb4 43. Na1 Nxc6 44. Kb2 Nxd4 45. Kxa2 Nxf3 46. h3 Nd4 0-1

[Event "Druzynowe Mistrzostwa Polski - Ekstraliga 2023"]
[Site "Lublin"]
[Date "1899-12-30"]
[Round "6.12"]
[White "Warakomska, Anna"]
[Black "Maltsevskaya, Aleksandra"]
[Result "1-0"]
[WhiteTitle "WGM"]
[BlackTitle "IM"]
[WhiteElo "2167"]
[BlackElo "2386"]

1. d4 d5 2. c4 dxc4 3. Nf3 e6 4. e3 c5 5. Bxc4 cxd4 6. exd4 Bd6 7. O-O Ne7 8. Nc3
h6 9. Qe2 O-O 10. Rd1 Nf5 11. Ne4 Nc6 12. d5 exd5 13. Bxd5 Qe7 14. Bxc6 bxc6 15.
g4 Nh4 16. Nxh4 Bxh2+ 17. Kxh2 Qxh4+ 18. Kg1 Bxg4 19. f3 f5 20. Qf2 Qe7 21. Nd6
f4 22. fxg4 Qg5 23. Bd2 Rad8 24. Bc3 f3 25. Ne4 Rxd1+ 26. Rxd1 Qg6 27. Ng3 Qxg4
28. Rd4 Qh3 29. Re4 Qd7 30. Qd4 f2+ 31. Kg2 Qb7 32. Qc5 Qf7 33. Qc4 1-0

[Event "Druzynowe Mistrzostwa Polski - Ekstraliga 2023"]
[Site "Lublin"]
[Date "1899-12-30"]
[Round "6.13"]
[White "Volokitin, Andrei"]
[Black "Harikrishna, Pentala"]
[Result "1/2-1/2"]
[WhiteTitle "GM"]
[BlackTitle "GM"]
[WhiteElo "2659"]
[BlackElo "2711"]

1. e4 e5 2. Nf3 Nc6 3. Bc4 Nf6 4. d3 Bc5 5. O-O d6 6. c3 a5 7. Re1 Ba7 8. Na3 h6
9. Nb5 Bb6 10. Be3 Bxe3 11. Rxe3 O-O 12. d4 Bg4 13. h3 Bh5 14. Qe1 Bxf3 15. Rxf3
Re8 16. Re3 Na7 17. a4 Qe7 18. Qe2 Nxb5 19. axb5 c6 20. Qd3 Qc7 21. bxc6 bxc6
22. d5 cxd5 23. Bxd5 Rab8 1/2-1/2

[Event "Druzynowe Mistrzostwa Polski - Ekstraliga 2023"]
[Site "Lublin"]
[Date "1899-12-30"]
[Round "6.14"]
[White "Grandelius, Nils"]
[Black "Lagarde, Maxime"]
[Result "1/2-1/2"]
[WhiteTitle "GM"]
[BlackTitle "GM"]
[WhiteElo "2681"]
[BlackElo "2607"]

1. e4 c5 2. Nf3 e6 3. c4 Nc6 4. d4 cxd4 5. Nxd4 Nf6 6. Nc3 Bb4 7. Nxc6 bxc6 8.
Bd3 e5 9. O-O O-O 10. h3 d6 11. Na4 h6 12. a3 Ba5 13. b4 Bc7 14. Re1 Re8 15. Nc3
Nh7 16. Be3 Nf8 1/2-1/2

[Event "Druzynowe Mistrzostwa Polski - Ekstraliga 2023"]
[Site "Lublin"]
[Date "1899-12-30"]
[Round "6.15"]
[White "Zilka, Stepan"]
[Black "Bartel, Mateusz"]
[Result "0-1"]
[WhiteTitle "GM"]
[BlackTitle "GM"]
[WhiteElo "2600"]
[BlackElo "2621"]

1. e4 e6 2. d4 d5 3. Nc3 Nf6 4. Bg5 Be7 5. e5 Ne4 6. Bxe7 Qxe7 7. Bd3 Nxc3 8. bxc3
c5 9. Nf3 c4 10. Be2 Nc6 11. a4 Bd7 12. O-O O-O 13. Qd2 f6 14. a5 Qd8 15. exf6
gxf6 16. Qh6 Rf7 17. a6 b5 18. h3 Qf8 19. Qd2 Qd6 20. Nh2 Kh8 21. f4 Rg8 22. Kh1
Rfg7 23. Ng4 Rg6 24. Rf3 Ne7 25. Ne3 R6g7 26. g4 Be8 27. f5 exf5 28. Nxf5 Nxf5
29. Rxf5 Bg6 30. Rf4 Bxc2 31. Raf1 Be4+ 32. Bf3 f5 33. Bxe4 fxe4 34. Rf7 Rxf7
35. Rxf7 Rf8 36. Rxf8+ Qxf8 37. Qg5 Qd6 38. Qf5 Kg7 39. Kg2 h6 40. Qc8 Qf6 41.
Qb7+ Kg6 42. Qxd5 Qf3+ 43. Kh2 Qf2+ 44. Kh1 e3 45. Qh5+ Kh7 46. g5 Qe1+ 47. Kg2
Qd2+ 48. Kg1 Qc1+ 49. Kg2 Qc2+ 50. Kg1 Qc1+ 51. Kg2 Qd2+ 52. Kg1 Qe1+ 53. Kg2
Qf2+ 54. Kh1 e2 55. Qxh6+ Kg8 56. Qg6+ Kf8 57. Qh6+ Ke7 58. Qg7+ Kd8 59. Qh8+
Ke7 60. Qh7+ Kd6 0-1

[Event "Druzynowe Mistrzostwa Polski - Ekstraliga 2023"]
[Site "Lublin"]
[Date "1899-12-30"]
[Round "6.16"]
[White "Mastrovasilis, Dimitrios"]
[Black "Moranda, Wojciech"]
[Result "1/2-1/2"]
[WhiteTitle "GM"]
[BlackTitle "GM"]
[WhiteElo "2589"]
[BlackElo "2561"]

1. e4 c5 2. Nf3 e6 3. d4 cxd4 4. Nxd4 Nf6 5. Nc3 Nc6 6. Ndb5 Bb4 7. a3 Bxc3+ 8.
Nxc3 d5 9. exd5 exd5 10. Bd3 O-O 11. O-O Bg4 12. f3 Bh5 13. Bg5 Qb6+ 14. Kh1 Ne4
15. Nxe4 dxe4 16. Bxe4 Qxb2 17. Qb1 Qb6 18. Qxb6 axb6 19. Rfb1 Bg6 20. Bxc6 bxc6
21. Rxb6 Bxc2 22. Rxc6 Ba4 23. Rc3 h6 24. Be3 Rfc8 25. Rac1 Rc6 26. Rc4 Rxc4 27.
Rc2 Rc3 28. Rxc3 Rb8 29. Rc4 Rb1+ 30. Bc1 Bd7 31. Kg1 Ra1 32. Kf2 Ra2+ 33. Kg3
f6 34. Rd4 Be6 35. h4 h5 36. Rb4 Rc2 37. Bf4 Bc4 38. Rb1 Ra2 39. Bd6 Kf7 40. Rc1
Bd3 41. Rd1 Bc4 42. Rc1 Bd3 43. Rh1 Ba6 44. Bb4 Bb5 45. Bc5 Bc4 46. Rc1 Bd3 47.
Bb4 g5 48. Rd1 Bf5 49. Rd4 Be6 50. hxg5 fxg5 51. Bd2 g4 52. a4 gxf3 53. gxf3 Bb3
54. a5 Ke6 55. Rd3 Bd5 56. Bb4 Ra4 57. Rd4 Ra1 58. Rf4 Rg1+ 59. Kf2 Rg5 60. a6
Rf5 61. Rxf5 Kxf5 62. a7 Ke6 63. f4 Kd7 1/2-1/2